Biggest cities by population starting with V - Statistics

General Stats
  • This quiz has been taken 19 times
  • The average score is 3 of 6
Answer Stats
Population Country Answer % Correct
~1,691,500 Austria Vienna
100%
~1,011,400 Russia Volgograd
63%
~1,385,100 Venezuela Valencia
47%
~1,164,400 India Varanasi
32%
~1,063,200 India Visakhapatnam
26%
~1,409,500 India Vadodara
21%
No matching quizzes found
Score Distribution
Percent of People with Each Score
Percentile by Number Answered
Your Score History
You have not taken this quiz